Logos de marques par lettre - C - Statistiques

Statistiques générales
  • Ce quiz a été pris 69 412 fois
  • Le résultat moyen est 12 sur 16
Statistiques - réponses
Par images Hint Réponse % Correct
Grande distribution Carrefour
99%
Boisson Coca-Cola
99%
Automobile Citroën
97%
Mode Chanel
96%
Boisson Cristaline
94%
Banque Crédit Agricole
92%
Mode Converse
88%
Automobile Chevrolet
84%
Mode Champion
79%
Banque Caisse d'épargne
70%
Banque Crédit Mutuel
63%
Pneumatique Continental
59%
Grande distribution Cora
55%
Mode Carhartt
52%
Mode Comme des Garçons
44%
Automobile Cadillac
42%
Aucun quiz correspondant
Distribution des résultats
% des personnes avec chaque résultat
Percentile par nombre de réponses
Votre historique - résultats
Vous n’avez pas pris ce quiz